Diseases of Children in the Subtropics and Tropics (Record no. 318)

MARC details
000 -LEADER
fixed length control field 00624nam a2200229 4500
003 - CONTROL NUMBER IDENTIFIER
control field OSt
005 - DATE AND TIME OF LATEST TRANSACTION
control field 20230213171833.0
008 - FIXED-LENGTH DATA ELEMENTS--GENERAL INFORMATION
fixed length control field 140806b xxu||||| |||| 00| 0 eng d
020 ## - INTERNATIONAL STANDARD BOOK NUMBER
International Standard Book Number 978-0340506332
020 ## - INTERNATIONAL STANDARD BOOK NUMBER
International Standard Book Number 0340536543
040 ## - CATALOGING SOURCE
Transcribing agency 040a
082 ## - DEWEY DECIMAL CLASSIFICATION NUMBER
Classification number WS200 D631 1991
100 ## - MAIN ENTRY--PERSONAL NAME
Personal name Stanfield, Paget; [et...al]
9 (RLIN) 838
245 ## - TITLE STATEMENT
Title Diseases of Children in the Subtropics and Tropics
250 ## - EDITION STATEMENT
Edition statement 4th.ed.
260 ## - PUBLICATION, DISTRIBUTION, ETC. (IMPRINT)
Place of publication, distribution, etc. London;
Name of publisher, distributor, etc. Edward Arnold,
Date of publication, distribution, etc. 1991
300 ## - PHYSICAL DESCRIPTION
Extent xix, 1076 p ;
Other physical details ill :
Dimensions 28 cm .
504 ## - BIBLIOGRAPHY, ETC. NOTE
Bibliography, etc includes index
650 ## - SUBJECT ADDED ENTRY--TOPICAL TERM
Topical term or geographic name as entry element Children diseases
9 (RLIN) 837
650 ## - SUBJECT ADDED ENTRY--TOPICAL TERM
Topical term or geographic name as entry element Peadiatrics
9 (RLIN) 16450
942 ## - ADDED ENTRY ELEMENTS (KOHA)
Source of classification or shelving scheme Other/Generic Classification Scheme
Koha item type Book Bank
Holdings
Withdrawn status Lost status Source of classification or shelving scheme Damaged status Not for loan Home library Current library Date acquired Source of acquisition Inventory number Total Checkouts Full call number Barcode Date last seen Price effective from Koha item type Date last checked out
    Other/Generic Classification Scheme     MUST Main Library MUST Main Library 06/08/2014   221   WS 200 D631 1991 2014-1780 06/08/2014 06/08/2014 Book Bank  
    Other/Generic Classification Scheme     MUST Main Library MUST Main Library 06/08/2014   230   WS 200 D631 1991 2014-1781 06/08/2014 06/08/2014 Book Bank  
    Other/Generic Classification Scheme     MUST Main Library MUST Main Library 06/08/2014   340   WS 200 D631 1991 2014-1782 06/08/2014 06/08/2014 Book Bank  
    Other/Generic Classification Scheme     MUST Main Library MUST Main Library 06/08/2014   240   WS 200 D631 1991 2014-1783 06/08/2014 06/08/2014 Book Bank  
    Other/Generic Classification Scheme     MUST Main Library MUST Main Library 06/08/2014   248   WS 200 D631 1991 2014-1784 06/08/2014 06/08/2014 Book Bank  
    Other/Generic Classification Scheme     MUST Main Library MUST Main Library 06/08/2014   226   WS 200 D631 1991 2014-1823 06/08/2014 06/08/2014 Book Bank  
    Other/Generic Classification Scheme     MUST Main Library MUST Main Library 06/08/2014   216   WS 200 D631 1991 2014-1824 06/08/2014 06/08/2014 Book Bank  
    Other/Generic Classification Scheme     MUST Main Library MUST Main Library 06/08/2014   8920   WS 200 D631 1991 2014-1825 06/08/2014 06/08/2014 Book Bank  
    Other/Generic Classification Scheme     MUST Main Library MUST Main Library 06/08/2014   313   WS 200 D631 1991 2014-1826 06/08/2014 06/08/2014 Book Bank  
    Other/Generic Classification Scheme     MUST Main Library MUST Main Library 06/08/2014   242   WS 200 D631 1991 2014-1827 06/08/2014 06/08/2014 Book Bank  
    Other/Generic Classification Scheme     MUST Main Library MUST Main Library 06/08/2014   214   WS 200 D631 1991 2014-1828 06/08/2014 06/08/2014 Book Bank  
    Other/Generic Classification Scheme     MUST Main Library MUST Main Library 06/08/2014   210   WS 200 D631 1991 2014-1829 06/08/2014 06/08/2014 Book Bank  
    Other/Generic Classification Scheme     MUST Main Library MUST Main Library 06/08/2014   225   WS 200 D631 1991 2014-1830 06/08/2014 06/08/2014 Book Bank  
    Other/Generic Classification Scheme     MUST Main Library MUST Main Library 06/08/2014   204   WS 200 D631 1991 2014-1831 06/08/2014 06/08/2014 Book Bank  
    Other/Generic Classification Scheme     MUST Main Library MUST Main Library 06/08/2014   327   WS 200 D631 1991 2014-1832 06/08/2014 06/08/2014 Book Bank  
    Other/Generic Classification Scheme     MUST Main Library MUST Main Library 06/08/2014   307   WS 200 D631 1991 2014-1833 06/08/2014 06/08/2014 Book Bank  
    Other/Generic Classification Scheme     MUST Main Library MUST Main Library 06/08/2014   220   WS 200 D631 1991 2014-1834 06/08/2014 06/08/2014 Book Bank  
    Other/Generic Classification Scheme     MUST Main Library MUST Main Library 06/08/2014   205   WS 200 D631 1991 2014-1835 06/08/2014 06/08/2014 Book Bank  
    Other/Generic Classification Scheme     MUST Main Library MUST Main Library 06/08/2014   219   WS 200 D631 1991 2014-1836 06/08/2014 06/08/2014 Book Bank  
    Other/Generic Classification Scheme     MUST Main Library MUST Main Library 06/08/2014   235   WS 200 D631 1991 2014-1837 06/08/2014 06/08/2014 Book Bank  
    Other/Generic Classification Scheme     MUST Main Library MUST Main Library 06/08/2014   315   WS 200 D631 1991 2014-1838 06/08/2014 06/08/2014 Book Bank  
    Other/Generic Classification Scheme     MUST Main Library MUST Main Library 06/08/2014   243   WS 200 D631 1991 2014-1839 06/08/2014 06/08/2014 Book Bank  
    Other/Generic Classification Scheme     MUST Main Library MUST Main Library 06/08/2014   228   WS 200 D631 1991 2014-1840 06/08/2014 06/08/2014 Book Bank  
    Other/Generic Classification Scheme     MUST Main Library MUST Main Library 06/08/2014   229   WS 200 D631 1991 2014-1841 06/08/2014 06/08/2014 Book Bank  
    Other/Generic Classification Scheme     MUST Main Library MUST Main Library 06/08/2014   209 1 WS 200 D631 1991 2014-1842 07/06/2021 06/08/2014 Book Bank 20/03/2021
    Other/Generic Classification Scheme     MUST Main Library MUST Main Library 06/08/2014   215   WS 200 D631 1991 2014-1843 06/08/2014 06/08/2014 Book Bank  
    Other/Generic Classification Scheme     MUST Main Library MUST Main Library 06/08/2014 Purchase 03/18811   WS200 D631 1991 2014-1844 06/08/2014   Book Bank  
    Other/Generic Classification Scheme     MUST Main Library MUST Main Library 06/08/2014   224   WS 200 D631 1991 2014-1845 06/08/2014 06/08/2014 Book Bank  
    Other/Generic Classification Scheme     MUST Main Library MUST Main Library 06/08/2014   8892   WS 200 D631 1991 2014-1846 06/08/2014 06/08/2014 Book Bank  
    Other/Generic Classification Scheme     MUST Main Library MUST Main Library 06/08/2014   346   WS 200 D631 1991 2014-1860 06/08/2014 06/08/2014 Book Bank  
    Other/Generic Classification Scheme     MUST Main Library MUST Main Library 06/08/2014   245   WS 200 D631 1991 2014-1861 06/08/2014 06/08/2014 Book Bank  
    Other/Generic Classification Scheme     MUST Main Library MUST Main Library 06/08/2014   334   WS 200 D631 1991 2014-1862 06/08/2014 06/08/2014 Book Bank  
    Other/Generic Classification Scheme     MUST Main Library MUST Main Library 06/08/2014   8886   WS 200 D631 1991 2014-1863 06/08/2014 06/08/2014 Book Bank  
    Other/Generic Classification Scheme     MUST Main Library MUST Main Library 06/08/2014   118   WS 200 D631 1991 2014-1864 06/08/2014 06/08/2014 Book Bank  
    Other/Generic Classification Scheme     MUST Main Library MUST Main Library 06/08/2014   8890   WS 200 D631 1991 2014-1865 06/08/2014 06/08/2014 Book Bank  
    Other/Generic Classification Scheme     MUST Main Library MUST Main Library 06/08/2014   233   WS 200 D631 1991 2014-1866 06/08/2014 06/08/2014 Book Bank  
    Other/Generic Classification Scheme     MUST Main Library MUST Main Library 06/08/2014   207   WS 200 D631 1991 2014-1867 06/08/2014 06/08/2014 Book Bank  
    Other/Generic Classification Scheme     MUST Main Library MUST Main Library 06/08/2014   8924   WS 200 D631 1991 2014-1868 06/08/2014 06/08/2014 Book Bank  
    Other/Generic Classification Scheme     MUST Main Library MUST Main Library 06/08/2014   8881   WS 200 D631 1991 2014-1869 06/08/2014 06/08/2014 Book Bank  
    Other/Generic Classification Scheme     MUST Main Library MUST Main Library 06/08/2014   203   WS 200 D631 1991 2014-1870 06/08/2014 06/08/2014 Book Bank  
    Other/Generic Classification Scheme     MUST Main Library MUST Main Library 06/08/2014   222   WS 200 D631 1991 2014-1871 06/08/2014 06/08/2014 Book Bank  
    Other/Generic Classification Scheme     MUST Main Library MUST Main Library 06/08/2014   244   WS 200 D631 1991 2014-1872 06/08/2014 06/08/2014 Book Bank  
    Other/Generic Classification Scheme     MUST Main Library MUST Main Library 06/08/2014   330   WS 200 D631 1991 2014-1873 06/08/2014 06/08/2014 Book Bank  
    Other/Generic Classification Scheme     MUST Main Library MUST Main Library 06/08/2014   208   WS 200 D631 1991 2014-1874 06/08/2014 06/08/2014 Book Bank  
    Other/Generic Classification Scheme     MUST Main Library MUST Main Library 06/08/2014   239   WS 200 D631 1991 2014-1875 06/08/2014 06/08/2014 Book Bank  
    Other/Generic Classification Scheme     MUST Main Library MUST Main Library 06/08/2014   236   WS 200 D631 1991 2014-1876 06/08/2014 06/08/2014 Book Bank  
    Other/Generic Classification Scheme     MUST Main Library MUST Main Library 06/08/2014   8906   WS 200 D631 1991 2014-1877 06/08/2014 06/08/2014 Book Bank  
    Other/Generic Classification Scheme     MUST Main Library MUST Main Library 06/08/2014   218   WS 200 D631 1991 2014-1878 06/08/2014 06/08/2014 Book Bank  
    Other/Generic Classification Scheme     MUST Main Library MUST Main Library 06/08/2014   8908   WS 200 D631 1991 2014-1879 06/08/2014 06/08/2014 Book Bank  
    Other/Generic Classification Scheme     MUST Main Library MUST Main Library 28/04/2015   227   WS 200 D631 1991 2015-1201 28/04/2015 28/04/2015 Short Loan  
    Other/Generic Classification Scheme     MUST Main Library MUST Main Library 28/04/2015   246   WS 200 D631 1991 2015-1202 28/04/2015 28/04/2015 Short Loan  
    Other/Generic Classification Scheme     MUST Main Library MUST Main Library 28/04/2015   8910   WS 200 D631 1991 2015-1203 28/04/2015 28/04/2015 Short Loan  
    Other/Generic Classification Scheme     MUST Main Library MUST Main Library 28/04/2015   201   WS 200 D631 1991 2015-1204 28/04/2015 28/04/2015 Short Loan  
    Other/Generic Classification Scheme     MUST Main Library MUST Main Library 28/04/2015   463   WS 200 D631 1991 2015-1232 28/04/2015 28/04/2015 Short Loan